Formalismo canônico homogêneo /
Guardado en:
| Autor Principal: | |
|---|---|
| Formato: | Libro |
| Idioma: | Portuguese |
| Publicado: |
Pôrto Alegre :
Instituto de Matemática, Universidade do Rio Grande do Sul,
1959.
|
| Etiquetas: |
Agregar Etiqueta
Sin Etiquetas, Sea el primero en etiquetar este registro!
|
| LEADER | 00456nam a22001335a 4500 | ||
|---|---|---|---|
| 001 | MAT.inmabb001005 | ||
| 008 | 031119s1959####bl############000#0#por#d | ||
| 005 | 20170808171442.0 | ||
| 245 | 1 | 0 | |a Formalismo canônico homogêneo / |c Luiz Severo Motta. |
| 260 | |a Pôrto Alegre : |b Instituto de Matemática, Universidade do Rio Grande do Sul, |c 1959. | ||
| 300 | |a 72 p. ; |c 23 cm. | ||
| 100 | 1 | |a Motta, Luiz Severo. | |
| 084 | |a 70-XX |2 msc2000 | ||
| 859 | |h 70 |i M921 |p A-870 |b BIB. MATEMATICA | ||
